|
|
|
|
| LEADER |
01682nam a2200433 a 4500 |
| 001 |
nkc20132534368 |
| 003 |
CZ PrNK |
| 005 |
20140114104210.0 |
| 007 |
ta |
| 008 |
131209s2013 xr a e 000 0 cze |
| 015 |
|
|
|a cnb002534368
|
| 020 |
|
|
|a 978-80-905429-1-4
|q (váz.)
|
| 035 |
|
|
|a (OCoLC)867822835
|
| 040 |
|
|
|a BOA001
|b cze
|
| 041 |
1 |
|
|a cze
|a eng
|a ger
|h cze
|
| 043 |
|
|
|a e-xr---
|b e-xr-vy
|2 czenas
|
| 072 |
|
7 |
|a 913(437)
|x Geografie Česka a Slovenska, reálie, cestování
|2 Konspekt
|9 7
|
| 080 |
|
|
|a 908(437.324)
|2 MRF
|
| 080 |
|
|
|a (084.12)
|2 MRF
|
| 100 |
1 |
|
|a Kunc, Vladimír,
|d 1955-
|7 xx0027250
|4 pht
|
| 245 |
1 |
0 |
|a Jihlava - město v srdci Vysočiny =
|b Jihlava - town at the heart of the Vysočina = Jihlava - Stadt im Herzen von Vysočina /
|c [fotografie] Vladimír Kunc ; [průvodní text Miloš Tajovský]
|
| 246 |
3 |
|
|a Město v srdci Vysočiny - Jihlava
|
| 246 |
3 |
1 |
|a Jihlava - town at the heart of the Vysočina
|
| 246 |
3 |
1 |
|a Jihlava - Stadt im Herzen von Vysočina
|
| 250 |
|
|
|a 1. vyd.
|
| 260 |
|
|
|a Havlíčkův Brod :
|b FotoKunc,
|c 2013
|
| 300 |
|
|
|a 149 s. :
|b il. (převážně barev.) ;
|c 33 cm
|
| 546 |
|
|
|a Souběžný anglický a německý text
|
| 655 |
|
7 |
|a fotografické publikace
|7 fd132276
|2 czenas
|
| 655 |
|
9 |
|a photographical works
|2 eczenas
|
| 651 |
|
7 |
|a Jihlava (Česko)
|7 ge129468
|2 czenas
|
| 651 |
|
9 |
|a Jihlava (Czechia)
|2 eczenas
|
| 700 |
1 |
|
|a Tajovský, Miloš,
|d 1956-
|7 ola2002106695
|4 wfw
|
| 910 |
2 |
|
|a BOA001
|b 4-1312.883
|
| 928 |
9 |
|
|a Fotoateliér Video-foto-Kunc
|
| 990 |
|
|
|a BK
|
| 995 |
|
|
|a 01
|
| 991 |
|
|
|b 201401
|c NOV
|e n
|
| 996 |
6 |
|
|b 2610573036
|c 4-1312.883
|l MZK
|r Sklad / do 1 hodiny
|n 2
|p p.v.
|w 001387618
|u 000010
|a 1
|e BOA001
|j MZK50
|s P
|